Statistics for 2019-2023 Quiz

Click here to take the quiz!

General Stats

  • This quiz has been taken 20 times
    (10 since last reset)
  • The average score is 19 of 32

Answer Stats

HintAnswer% Correct
What was the virus/pandemic that appeared in 2019?Coronavirus
100%
How many people died from that missile?2 People
88%
What country sent a balloon over the US?China
88%
What did people wear on their faces?Masks
88%
What was the app that people used to post their dances?TikTok
88%
What country did the US take troops out from?Afghanistan
75%
Who won the World Cup?Argentina
75%
Who now owns Twitter in 2023?Elon Musk
75%
Who came second?France
75%
What group is now controlling that country?The Taliban
75%
What country did Russia declare war on?Ukraine
75%
What country left the EU?United Kingdom
75%
Where did that virus/pandemic start? (Say city)Wuhan, China
75%
What year did that country leave the EU?2020
63%
What famous British person died?Elizabeth II
63%
Who launched the missile into Poland?Russia
63%
What type of balloon was it?Spy Balloon
63%
What popular Netflix Series included the game, "Red Light Green Light"?Squid Game
63%
What country had the most cases of that virus?USA
63%
What feature did YouTube add to get even with that app?YouTube Shorts
63%
What place did pro-Trump supporters riot at?The Capitol
50%
Who blocked their NATO applications?Turkey
50%
What disaster did Brazil have happen to the Amazon Rainforest?Wildfires
50%
How far apart do you have to be from someone?6 Feet
38%
What popular movie included the song, "We Don't Talk About Bruno"?Encanto
38%
What city protested against China?Hong Kong
38%
What gas pipeline was exploded?Nord Stream
38%
What famous Minecraft YouTuber died?Technoblade
38%
What did NATO respond with?Sanctions
25%
Which two countries are trying to join NATO? (Say both)Sweden and Finland
25%
What ship got stuck and blocked the Suez Canal?The Ever Given
25%
What disaster did Australia have killing/displacing about 3 billion animals?Brushfires
13%

Score Distribution

Percentile by Number Answered

Percent of People with Each Score

Your Score History

You have not taken this quiz since the last reset